Engineering mechanics : Statics /

This book contains several optional topics about engineering mechanics.

সংরক্ষণ করুন:
গ্রন্থ-পঞ্জীর বিবরন
প্রধান লেখক: Pytel, Andrew.
অন্যান্য লেখক: Kiusalaas, Jaan.
বিন্যাস: গ্রন্থ
ভাষা:English
প্রকাশিত: Pacific Grove, CA : Brooks/Cole, 1999.
সংস্করন:2nd ed.
বিষয়গুলি:
ট্যাগগুলো: ট্যাগ যুক্ত করুন
কোনো ট্যাগ নেই, প্রথমজন হিসাবে ট্যাগ করুন!
Thư viện lưu trữ: Mạng thư viện Đại học Đà Nẵng
LEADER 01258cam a2200397 i 4500
001 000049396
003 9141
005 20211102111532.0
008 010324b1999 vm 000 eng
020 |a 0534957412 
040 |a LRCC  |c LRCC  |d LRCC 
041 0 |a eng 
082 1 4 |a 620.103  |b PY-A 
100 1 |a Pytel, Andrew. 
245 1 0 |a Engineering mechanics :  |b Statics /  |c Andrew Pytel, Jaan Kiusalaas. 
250 |a 2nd ed. 
264 1 |a Pacific Grove, CA :  |b Brooks/Cole,  |c 1999. 
300 |a 526 p. ;  |c 25.5 cm. 
520 3 |a This book contains several optional topics about engineering mechanics. 
650 0 4 |a Mechanics. 
650 0 4 |a Statics. 
653 0 4 |a Statics. 
653 0 4 |a Mechanics, Applied. 
700 1 |a Kiusalaas, Jaan. 
910 |a HTTSUONG 
OWN |a DUT 
AVA |a UDN50  |b DUT  |c Book  |d 620.103 PY-A  |e available  |t Error 5001 Not defined in file expand_doc_bib_avail.  |f 2  |g 0  |h N  |i 0  |j SH  |k 1 
999 |a From the UDN01 
AVA |a UDN50  |b DUT  |c Book  |d 620.103 PY-A  |e available  |t Error 5001 Not defined in file expand_doc_bib_avail.  |f 2  |g 0  |h N  |i 0  |j SH  |k 1 
TYP |a Monograph 
TYP |a Printed language 
980 |a Mạng thư viện Đại học Đà Nẵng